<?xml version="1.0" encoding="UTF-8"?>
<record
    xmlns:xsi="http://www.w3.org/2001/XMLSchema-instance"
    xsi:schemaLocation="http://www.loc.gov/MARC21/slim http://www.loc.gov/standards/marcxml/schema/MARC21slim.xsd"
    xmlns="http://www.loc.gov/MARC21/slim">

  <leader>01282cam a2200337 i 4500</leader>
  <datafield tag="999" ind1=" " ind2=" ">
    <subfield code="c">8021</subfield>
    <subfield code="d">8021</subfield>
  </datafield>
  <controlfield tag="001">991061283691106706</controlfield>
  <controlfield tag="003">OSt</controlfield>
  <controlfield tag="005">20250411125558.0</controlfield>
  <controlfield tag="008">250217e202501  spc|||||||||||||0 0 spa|c</controlfield>
  <datafield tag="015" ind1=" " ind2=" ">
    <subfield code="a">LL2025</subfield>
    <subfield code="2">bnc</subfield>
  </datafield>
  <datafield tag="017" ind1=" " ind2=" ">
    <subfield code="a">DL B 1275-2025</subfield>
    <subfield code="b">Biblioteca de Catalunya</subfield>
  </datafield>
  <datafield tag="020" ind1=" " ind2=" ">
    <subfield code="a">9788411660815</subfield>
  </datafield>
  <datafield tag="040" ind1=" " ind2=" ">
    <subfield code="b">cat</subfield>
    <subfield code="e">rda</subfield>
    <subfield code="c">cdrm</subfield>
  </datafield>
  <datafield tag="245" ind1="0" ind2="3">
    <subfield code="a">La democracia en riesgo : </subfield>
    <subfield code="b">&#xBF;internet e IA al servicio de los populismos? / </subfield>
    <subfield code="c">Frederic Guerrero-Sol&#xE9;, Laura P&#xE9;rez-Altable (eds.) ; pr&#xF3;logo de F. Xavier Ruiz Collantes</subfield>
  </datafield>
  <datafield tag="250" ind1=" " ind2=" ">
    <subfield code="a">Primera edici&#xF3;n </subfield>
  </datafield>
  <datafield tag="264" ind1=" " ind2="1">
    <subfield code="a">Barcelona :</subfield>
    <subfield code="b">Fundaci&#xF3; Universitat Oberta de Catalunya,</subfield>
    <subfield code="c">2025</subfield>
  </datafield>
  <datafield tag="300" ind1=" " ind2=" ">
    <subfield code="a">174 p&#xE0;gines ;</subfield>
    <subfield code="c">24 cm</subfield>
  </datafield>
  <datafield tag="490" ind1="1" ind2=" ">
    <subfield code="a">[Manuales] ;</subfield>
    <subfield code="v">736.</subfield>
    <subfield code="a">Comunicaci&#xF3;n</subfield>
  </datafield>
  <datafield tag="504" ind1=" " ind2=" ">
    <subfield code="a">Bibliografia</subfield>
  </datafield>
  <datafield tag="650" ind1=" " ind2="7">
    <subfield code="a">Populisme</subfield>
    <subfield code="2">lemac</subfield>
  </datafield>
  <datafield tag="650" ind1=" " ind2="0">
    <subfield code="a">Fake news</subfield>
    <subfield code="2">lemac</subfield>
    <subfield code="9">4796</subfield>
  </datafield>
  <datafield tag="650" ind1=" " ind2="0">
    <subfield code="a">Desinformaci&#xF3;</subfield>
    <subfield code="2">lemac</subfield>
    <subfield code="9">4286</subfield>
  </datafield>
  <datafield tag="650" ind1=" " ind2="7">
    <subfield code="a">Extrema dreta</subfield>
    <subfield code="2">lemac</subfield>
  </datafield>
  <datafield tag="650" ind1=" " ind2="0">
    <subfield code="a">Democr&#xE0;cia</subfield>
    <subfield code="x">Inform&#xE0;tica.</subfield>
    <subfield code="2">lemac</subfield>
    <subfield code="9">4114</subfield>
  </datafield>
  <datafield tag="650" ind1=" " ind2="0">
    <subfield code="a">Intel&#xB7;lig&#xE8;ncia artificial</subfield>
    <subfield code="x">Aspectes pol&#xED;tics.</subfield>
    <subfield code="2">lemac</subfield>
    <subfield code="9">4722</subfield>
  </datafield>
  <datafield tag="700" ind1="1" ind2=" ">
    <subfield code="a">Guerrero Sol&#xE9;, Frederic,</subfield>
    <subfield code="e">editor literari</subfield>
  </datafield>
  <datafield tag="700" ind1="1" ind2=" ">
    <subfield code="a">P&#xE9;rez-Altable, Laura,</subfield>
    <subfield code="e">editor literari</subfield>
  </datafield>
  <datafield tag="700" ind1="1" ind2=" ">
    <subfield code="a">Ruiz Collantes, Xavier,</subfield>
    <subfield code="e">escriptor d'un pr&#xF2;leg</subfield>
  </datafield>
  <datafield tag="830" ind1=" " ind2="0">
    <subfield code="a">Manuales (Editorial UOC) ;</subfield>
    <subfield code="v">736</subfield>
  </datafield>
  <datafield tag="942" ind1=" " ind2=" ">
    <subfield code="2">udc</subfield>
    <subfield code="c">MON</subfield>
  </datafield>
  <datafield tag="952" ind1=" " ind2=" ">
    <subfield code="0">0</subfield>
    <subfield code="1">0</subfield>
    <subfield code="4">0</subfield>
    <subfield code="7">0</subfield>
    <subfield code="a">CDMR</subfield>
    <subfield code="b">CDMR</subfield>
    <subfield code="d">2025-04-11</subfield>
    <subfield code="e">Donaci&#xF3;</subfield>
    <subfield code="g">18.27</subfield>
    <subfield code="l">0</subfield>
    <subfield code="o">Ck 3/46</subfield>
    <subfield code="p">CDMR25040004</subfield>
    <subfield code="r">2025-04-11</subfield>
    <subfield code="w">2025-04-11</subfield>
    <subfield code="y">MON</subfield>
  </datafield>
</record>
